Horton hatches the egg, (Record no. 188)

MARC details
000 -LEADER
fixed length control field 00959nam a22002777a 4500
001 - CONTROL NUMBER
control field 188
003 - CONTROL NUMBER IDENTIFIER
control field FISKH
005 - DATE AND TIME OF LATEST TRANSACTION
control field 20230303095251.0
008 - FIXED-LENGTH DATA ELEMENTS--GENERAL INFORMATION
fixed length control field 230303b cb ||||| |||| 00| 0 eng d
040 ## - CATALOGING SOURCE
Original cataloging agency DLC
Transcribing agency DLC
Modifying agency DLC
-- FISKH
Language of cataloging eng
042 ## - AUTHENTICATION CODE
Authentication code lcac
050 00 - LIBRARY OF CONGRESS CALL NUMBER
Classification number PZ10.3.G257
Item number Ho
082 00 - DEWEY DECIMAL CLASSIFICATION NUMBER
Classification number 811
100 1# - MAIN ENTRY--PERSONAL NAME
Personal name Geisel, Theodor Seuss
Titles and words associated with a name Dr.
Dates associated with a name 1904-1991
245 10 - TITLE STATEMENT
Title Horton hatches the egg,
Statement of responsibility, etc. by Dr. Seuss.
260 ## - PUBLICATION, DISTRIBUTION, ETC.
Place of publication, distribution, etc. New York
Name of publisher, distributor, etc. Random House
Date of publication, distribution, etc. 1968
300 ## - PHYSICAL DESCRIPTION
Extent 27 leaves of plates
Other physical details col. illus.
Dimensions 29 x 21 cm.
520 ## - SUMMARY, ETC.
Summary, etc. When a lazy bird hatching an egg wants a vacation, she asks Horton, the elephant, to sit on her egg--which he does through all sorts of hazards until he is rewarded for doing what he said he would.
521 8# - TARGET AUDIENCE NOTE
Target audience note 560 <br/>
Source Lexile
521 8# - TARGET AUDIENCE NOTE
Target audience note H
Source Raz-Plus
650 #0 - SUBJECT ADDED ENTRY--TOPICAL TERM
Topical term or geographic name entry element Elephants
General subdivision Juvenile fiction.
650 #1 - SUBJECT ADDED ENTRY--TOPICAL TERM
Topical term or geographic name entry element Fantasy.
650 #1 - SUBJECT ADDED ENTRY--TOPICAL TERM
Topical term or geographic name entry element Stories in rhyme.
906 ## - LOCAL DATA ELEMENT F, LDF (RLIN)
a 7
b cbc
c orignew
d u
e ocip
f 19
g y-gencatlg
942 ## - ADDED ENTRY ELEMENTS (KOHA)
Source of classification or shelving scheme Dewey Decimal Classification
Koha item type Books
Suppress in OPAC No
Holdings
Withdrawn status Lost status Source of classification or shelving scheme Damaged status Not for loan Collection Home library Current library Shelving location Date acquired Total Checkouts Full call number Barcode Date last seen Date last checked out Price effective from Koha item type
    Dewey Decimal Classification     Juvenile Fiction Footprints International School Library Network Toul Kork Campus Footprints International School Library Network Toul Kork Campus TK Primary Library Room(4th Floor), Bookcase 3&4, Shelves 17-32, Yellow Books 03/03/2023 2 Gei 811 PZ10.G257 FISTK01454 06/05/2025 03/13/2025 03/03/2023 Books